Fundamentals of power electronics / Rick Jacobs. (Record no. 20253)

000 -LEADER
fixed length control field 00431nam a22001457a 4500
020 ## - INTERNATIONAL STANDARD BOOK NUMBER
ISBN 9781632388599
082 ## - DEWEY DECIMAL CLASSIFICATION NUMBER
Classification number 621.317
Item number J174 2022
100 ## - MAIN ENTRY--AUTHOR NAME
Personal name Jacobs, Rick, author.
245 ## - TITLE STATEMENT
Title Fundamentals of power electronics / Rick Jacobs.
260 ## - PUBLICATION, DISTRIBUTION, ETC. (IMPRINT)
Place of publication Forest Hills, NY :
Name of publisher NY Research Press,
Year of publication ©2022.
300 ## - PHYSICAL DESCRIPTION
Number of Pages viii, 246 pages :
Other physical details illustrations ; 26 cm.
500 ## - GENERAL NOTE
General note Includes index.
650 ## - SUBJECT ADDED ENTRY--TOPICAL TERM
Topical Term Power electronics.
942 ## - ADDED ENTRY ELEMENTS (KOHA)
Koha item type Books
Holdings
Source of acquisition Permanent Location Date acquired Koha item type Collection code Accession Number Lost status Shelving location Withdrawn status Current Location Full call number
SchoolCagayan State University - Carig Library2025-02-19BooksApplied Sciences010619 General Collection Cagayan State University - Carig Library621.317 J174 2022

Cagayan State University University Library, Carig Campus
Tuguegarao City, Cagayan 3500 | www.csucarig.edu.ph

Powered by Koha